<?xml version="1.0" encoding="UTF-8"?>
<record
    xmlns:xsi="http://www.w3.org/2001/XMLSchema-instance"
    xsi:schemaLocation="http://www.loc.gov/MARC21/slim http://www.loc.gov/standards/marcxml/schema/MARC21slim.xsd"
    xmlns="http://www.loc.gov/MARC21/slim">

  <leader>01383nam a22003857a 4500</leader>
  <controlfield tag="003">OSt</controlfield>
  <controlfield tag="005">20240712093211.0</controlfield>
  <controlfield tag="008">240711b           ||||| |||| 00| 0 eng d</controlfield>
  <datafield tag="022" ind1=" " ind2=" ">
    <subfield code="a">03044289</subfield>
  </datafield>
  <datafield tag="040" ind1=" " ind2=" ">
    <subfield code="c">AIMIT LIBRARY</subfield>
  </datafield>
  <datafield tag="082" ind1=" " ind2=" ">
    <subfield code="a">531.11</subfield>
    <subfield code="b">PHYS</subfield>
  </datafield>
  <datafield tag="110" ind1=" " ind2=" ">
    <subfield code="a">Indian Academy of Science.</subfield>
    <subfield code="9">173152</subfield>
  </datafield>
  <datafield tag="245" ind1=" " ind2=" ">
    <subfield code="a">Pramana : journal of physics /</subfield>
    <subfield code="c">By Indian Academy of Science</subfield>
  </datafield>
  <datafield tag="260" ind1=" " ind2=" ">
    <subfield code="a">New Delhi ;</subfield>
    <subfield code="b">Springer ,</subfield>
    <subfield code="c">2013.</subfield>
  </datafield>
  <datafield tag="300" ind1=" " ind2=" ">
    <subfield code="b">HB</subfield>
    <subfield code="c">24 cm</subfield>
  </datafield>
  <datafield tag="440" ind1=" " ind2=" ">
    <subfield code="a">Pramana : journal of physics</subfield>
    <subfield code="v">Vol.80 No.1-3/2013</subfield>
    <subfield code="9">173153</subfield>
  </datafield>
  <datafield tag="440" ind1=" " ind2=" ">
    <subfield code="v">Vol.81 No.1-3/2013</subfield>
  </datafield>
  <datafield tag="440" ind1=" " ind2=" ">
    <subfield code="v">Vol.81 No.4-6/2013</subfield>
  </datafield>
  <datafield tag="440" ind1=" " ind2=" ">
    <subfield code="v">Vol.79 No.5-6/2012</subfield>
  </datafield>
  <datafield tag="440" ind1=" " ind2=" ">
    <subfield code="v">Vol.90 No.1-6/2018</subfield>
  </datafield>
  <datafield tag="440" ind1=" " ind2=" ">
    <subfield code="v">Vol.79 No.3-4/2012</subfield>
  </datafield>
  <datafield tag="440" ind1=" " ind2=" ">
    <subfield code="v">Vol.78 No.5-6/2012, Vol.79 No.1-2/2012</subfield>
  </datafield>
  <datafield tag="440" ind1=" " ind2=" ">
    <subfield code="v">Vol.78 No.1-4/2012</subfield>
  </datafield>
  <datafield tag="440" ind1=" " ind2=" ">
    <subfield code="v">Vol.80 No.4-6/2013</subfield>
  </datafield>
  <datafield tag="440" ind1=" " ind2=" ">
    <subfield code="v">Vol.87 No.1-2/2016</subfield>
  </datafield>
  <datafield tag="440" ind1=" " ind2=" ">
    <subfield code="v">Vol.87 No.5-6/2016</subfield>
  </datafield>
  <datafield tag="440" ind1=" " ind2=" ">
    <subfield code="v">Vol.86 No.4-6/2016</subfield>
  </datafield>
  <datafield tag="440" ind1=" " ind2=" ">
    <subfield code="v">Vol.91 No.1-6/2018</subfield>
  </datafield>
  <datafield tag="440" ind1=" " ind2=" ">
    <subfield code="a">Vol.86 No.1-3/2016</subfield>
    <subfield code="9">173217</subfield>
  </datafield>
  <datafield tag="440" ind1=" " ind2=" ">
    <subfield code="v">Vol.87 No.3-4/2016</subfield>
  </datafield>
  <datafield tag="650" ind1=" " ind2=" ">
    <subfield code="a">Generalized entropy production fluctuation theorems for quantum systems</subfield>
    <subfield code="9">173154</subfield>
  </datafield>
  <datafield tag="650" ind1=" " ind2=" ">
    <subfield code="a">Exact solutions of feinberg- horodecki equation for time dependent anharmonic oscillator</subfield>
    <subfield code="9">173155</subfield>
  </datafield>
  <datafield tag="650" ind1=" " ind2=" ">
    <subfield code="a">Thermal hydraulic analysis of LBE spallation target for accelerator driven system</subfield>
    <subfield code="9">173156</subfield>
  </datafield>
  <datafield tag="942" ind1=" " ind2=" ">
    <subfield code="2">ddc</subfield>
    <subfield code="c">BV</subfield>
    <subfield code="k">531.11 PHYS</subfield>
  </datafield>
  <datafield tag="999" ind1=" " ind2=" ">
    <subfield code="c">231439</subfield>
    <subfield code="d">231439</subfield>
  </datafield>
  <datafield tag="952" ind1=" " ind2=" ">
    <subfield code="0">0</subfield>
    <subfield code="1">0</subfield>
    <subfield code="2">ddc</subfield>
    <subfield code="4">0</subfield>
    <subfield code="7">0</subfield>
    <subfield code="8">MCA</subfield>
    <subfield code="a">AIMIT</subfield>
    <subfield code="b">AIMIT</subfield>
    <subfield code="c">BV</subfield>
    <subfield code="d">2024-07-11</subfield>
    <subfield code="h">Vol.80 No.1-3/2013</subfield>
    <subfield code="l">0</subfield>
    <subfield code="o">531.11 PHYS</subfield>
    <subfield code="p">BVI192</subfield>
    <subfield code="r">2024-07-11 00:00:00</subfield>
    <subfield code="w">2024-07-11</subfield>
    <subfield code="y">BV</subfield>
  </datafield>
  <datafield tag="952" ind1=" " ind2=" ">
    <subfield code="0">0</subfield>
    <subfield code="1">0</subfield>
    <subfield code="2">ddc</subfield>
    <subfield code="4">0</subfield>
    <subfield code="7">0</subfield>
    <subfield code="8">MCA</subfield>
    <subfield code="a">AIMIT</subfield>
    <subfield code="b">AIMIT</subfield>
    <subfield code="c">BV</subfield>
    <subfield code="d">2024-07-11</subfield>
    <subfield code="h">Vol.81 No.1-3/2013</subfield>
    <subfield code="l">0</subfield>
    <subfield code="o">531.11 PHYS</subfield>
    <subfield code="p">BVI194</subfield>
    <subfield code="r">2024-07-11 00:00:00</subfield>
    <subfield code="w">2024-07-11</subfield>
    <subfield code="y">BV</subfield>
  </datafield>
  <datafield tag="952" ind1=" " ind2=" ">
    <subfield code="0">0</subfield>
    <subfield code="1">0</subfield>
    <subfield code="2">ddc</subfield>
    <subfield code="4">0</subfield>
    <subfield code="7">0</subfield>
    <subfield code="8">MCA</subfield>
    <subfield code="a">AIMIT</subfield>
    <subfield code="b">AIMIT</subfield>
    <subfield code="c">BV</subfield>
    <subfield code="d">2024-07-11</subfield>
    <subfield code="h">Vol.81 No.4-6/2013</subfield>
    <subfield code="l">0</subfield>
    <subfield code="o">531.11 PHYS</subfield>
    <subfield code="p">BVI195</subfield>
    <subfield code="r">2024-07-11 00:00:00</subfield>
    <subfield code="w">2024-07-11</subfield>
    <subfield code="y">BV</subfield>
  </datafield>
  <datafield tag="952" ind1=" " ind2=" ">
    <subfield code="0">0</subfield>
    <subfield code="1">0</subfield>
    <subfield code="2">ddc</subfield>
    <subfield code="4">0</subfield>
    <subfield code="7">0</subfield>
    <subfield code="8">MCA</subfield>
    <subfield code="a">AIMIT</subfield>
    <subfield code="b">AIMIT</subfield>
    <subfield code="c">BV</subfield>
    <subfield code="d">2024-07-11</subfield>
    <subfield code="h">Vol.79 No.5-6/2012</subfield>
    <subfield code="l">0</subfield>
    <subfield code="o">531.11 PHYS</subfield>
    <subfield code="p">BVI191</subfield>
    <subfield code="r">2024-07-11 00:00:00</subfield>
    <subfield code="w">2024-07-11</subfield>
    <subfield code="y">BV</subfield>
  </datafield>
  <datafield tag="952" ind1=" " ind2=" ">
    <subfield code="0">0</subfield>
    <subfield code="1">0</subfield>
    <subfield code="2">ddc</subfield>
    <subfield code="4">0</subfield>
    <subfield code="7">0</subfield>
    <subfield code="8">MCA</subfield>
    <subfield code="a">AIMIT</subfield>
    <subfield code="b">AIMIT</subfield>
    <subfield code="c">BV</subfield>
    <subfield code="d">2024-07-11</subfield>
    <subfield code="h">Vol.90 No.1-6/2018</subfield>
    <subfield code="l">0</subfield>
    <subfield code="o">531.11 PHYS</subfield>
    <subfield code="p">BVI222</subfield>
    <subfield code="r">2024-07-11 00:00:00</subfield>
    <subfield code="w">2024-07-11</subfield>
    <subfield code="y">BV</subfield>
  </datafield>
  <datafield tag="952" ind1=" " ind2=" ">
    <subfield code="0">0</subfield>
    <subfield code="1">0</subfield>
    <subfield code="2">ddc</subfield>
    <subfield code="4">0</subfield>
    <subfield code="7">0</subfield>
    <subfield code="8">MCA</subfield>
    <subfield code="a">AIMIT</subfield>
    <subfield code="b">AIMIT</subfield>
    <subfield code="c">BV</subfield>
    <subfield code="d">2024-07-11</subfield>
    <subfield code="h">Vol.79 No.3-4/2012</subfield>
    <subfield code="l">0</subfield>
    <subfield code="o">531.11 PHYS</subfield>
    <subfield code="p">BVI190</subfield>
    <subfield code="r">2024-07-11 00:00:00</subfield>
    <subfield code="w">2024-07-11</subfield>
    <subfield code="y">BV</subfield>
  </datafield>
  <datafield tag="952" ind1=" " ind2=" ">
    <subfield code="0">0</subfield>
    <subfield code="1">0</subfield>
    <subfield code="2">ddc</subfield>
    <subfield code="4">0</subfield>
    <subfield code="7">0</subfield>
    <subfield code="8">MCA</subfield>
    <subfield code="a">AIMIT</subfield>
    <subfield code="b">AIMIT</subfield>
    <subfield code="c">BV</subfield>
    <subfield code="d">2024-07-11</subfield>
    <subfield code="h">Vol.78 No.5-6/2012/ Vol.79 Vol.1-2/2012</subfield>
    <subfield code="l">0</subfield>
    <subfield code="o">531.11 PHYS</subfield>
    <subfield code="p">BVI189</subfield>
    <subfield code="r">2024-07-11 00:00:00</subfield>
    <subfield code="w">2024-07-11</subfield>
    <subfield code="y">BV</subfield>
  </datafield>
  <datafield tag="952" ind1=" " ind2=" ">
    <subfield code="0">0</subfield>
    <subfield code="1">0</subfield>
    <subfield code="2">ddc</subfield>
    <subfield code="4">0</subfield>
    <subfield code="7">0</subfield>
    <subfield code="8">MCA</subfield>
    <subfield code="a">AIMIT</subfield>
    <subfield code="b">AIMIT</subfield>
    <subfield code="c">BV</subfield>
    <subfield code="d">2024-07-11</subfield>
    <subfield code="h">Vol.78 No.1-4/2012</subfield>
    <subfield code="l">0</subfield>
    <subfield code="o">531.11 PHYS</subfield>
    <subfield code="p">BVI188</subfield>
    <subfield code="r">2024-07-11 00:00:00</subfield>
    <subfield code="w">2024-07-11</subfield>
    <subfield code="y">BV</subfield>
  </datafield>
  <datafield tag="952" ind1=" " ind2=" ">
    <subfield code="0">0</subfield>
    <subfield code="1">0</subfield>
    <subfield code="2">ddc</subfield>
    <subfield code="4">0</subfield>
    <subfield code="7">0</subfield>
    <subfield code="8">MCA</subfield>
    <subfield code="a">AIMIT</subfield>
    <subfield code="b">AIMIT</subfield>
    <subfield code="c">BV</subfield>
    <subfield code="d">2024-07-11</subfield>
    <subfield code="h">Vol.80 No.4-6/2013</subfield>
    <subfield code="l">0</subfield>
    <subfield code="o">531.11 PHYS</subfield>
    <subfield code="p">BVI193</subfield>
    <subfield code="r">2024-07-11 00:00:00</subfield>
    <subfield code="w">2024-07-11</subfield>
    <subfield code="y">BV</subfield>
  </datafield>
  <datafield tag="952" ind1=" " ind2=" ">
    <subfield code="0">0</subfield>
    <subfield code="1">0</subfield>
    <subfield code="2">ddc</subfield>
    <subfield code="4">0</subfield>
    <subfield code="7">0</subfield>
    <subfield code="8">MCA</subfield>
    <subfield code="a">AIMIT</subfield>
    <subfield code="b">AIMIT</subfield>
    <subfield code="c">BV</subfield>
    <subfield code="d">2024-07-11</subfield>
    <subfield code="h">Vol.87 No.1-2/2016</subfield>
    <subfield code="l">0</subfield>
    <subfield code="o">531.11 PHYS</subfield>
    <subfield code="p">BVI203</subfield>
    <subfield code="r">2024-07-12 00:00:00</subfield>
    <subfield code="w">2024-07-11</subfield>
    <subfield code="y">BV</subfield>
  </datafield>
  <datafield tag="952" ind1=" " ind2=" ">
    <subfield code="0">0</subfield>
    <subfield code="1">0</subfield>
    <subfield code="2">ddc</subfield>
    <subfield code="4">0</subfield>
    <subfield code="7">0</subfield>
    <subfield code="8">MCA</subfield>
    <subfield code="a">AIMIT</subfield>
    <subfield code="b">AIMIT</subfield>
    <subfield code="c">BV</subfield>
    <subfield code="d">2024-07-11</subfield>
    <subfield code="h">Vol.86 No.4-6/2016</subfield>
    <subfield code="l">0</subfield>
    <subfield code="o">531.11 PHYS</subfield>
    <subfield code="p">BVI207</subfield>
    <subfield code="r">2024-07-12 00:00:00</subfield>
    <subfield code="w">2024-07-11</subfield>
    <subfield code="y">BV</subfield>
  </datafield>
  <datafield tag="952" ind1=" " ind2=" ">
    <subfield code="0">0</subfield>
    <subfield code="1">0</subfield>
    <subfield code="2">ddc</subfield>
    <subfield code="4">0</subfield>
    <subfield code="7">0</subfield>
    <subfield code="8">MCA</subfield>
    <subfield code="a">AIMIT</subfield>
    <subfield code="b">AIMIT</subfield>
    <subfield code="c">BV</subfield>
    <subfield code="d">2024-07-11</subfield>
    <subfield code="h">Vol.87 No.5-6/2016</subfield>
    <subfield code="l">0</subfield>
    <subfield code="o">531.11 PHYS</subfield>
    <subfield code="p">BVI205</subfield>
    <subfield code="r">2024-07-12 00:00:00</subfield>
    <subfield code="w">2024-07-11</subfield>
    <subfield code="y">BV</subfield>
  </datafield>
  <datafield tag="952" ind1=" " ind2=" ">
    <subfield code="0">0</subfield>
    <subfield code="1">0</subfield>
    <subfield code="2">ddc</subfield>
    <subfield code="4">0</subfield>
    <subfield code="7">0</subfield>
    <subfield code="8">MCA</subfield>
    <subfield code="a">AIMIT</subfield>
    <subfield code="b">AIMIT</subfield>
    <subfield code="c">BV</subfield>
    <subfield code="d">2024-07-11</subfield>
    <subfield code="h">Vol.91 No.1-6/2018</subfield>
    <subfield code="l">0</subfield>
    <subfield code="o">531.11 PHYS</subfield>
    <subfield code="p">BVI223</subfield>
    <subfield code="r">2024-07-12 00:00:00</subfield>
    <subfield code="w">2024-07-11</subfield>
    <subfield code="y">BV</subfield>
  </datafield>
  <datafield tag="952" ind1=" " ind2=" ">
    <subfield code="0">0</subfield>
    <subfield code="1">0</subfield>
    <subfield code="2">ddc</subfield>
    <subfield code="4">0</subfield>
    <subfield code="7">0</subfield>
    <subfield code="8">MCA</subfield>
    <subfield code="a">AIMIT</subfield>
    <subfield code="b">AIMIT</subfield>
    <subfield code="c">BV</subfield>
    <subfield code="d">2024-07-11</subfield>
    <subfield code="h">Vol.86 No.1-3/2016</subfield>
    <subfield code="l">0</subfield>
    <subfield code="o">531.11 PHYS</subfield>
    <subfield code="p">BVI206</subfield>
    <subfield code="r">2024-07-12 00:00:00</subfield>
    <subfield code="w">2024-07-11</subfield>
    <subfield code="y">BV</subfield>
  </datafield>
  <datafield tag="952" ind1=" " ind2=" ">
    <subfield code="0">0</subfield>
    <subfield code="1">0</subfield>
    <subfield code="2">ddc</subfield>
    <subfield code="4">0</subfield>
    <subfield code="7">0</subfield>
    <subfield code="8">MCA</subfield>
    <subfield code="a">AIMIT</subfield>
    <subfield code="b">AIMIT</subfield>
    <subfield code="c">BV</subfield>
    <subfield code="d">2024-07-11</subfield>
    <subfield code="h">Vol.87 No.3-4/2016</subfield>
    <subfield code="l">0</subfield>
    <subfield code="o">531.11 PHYS</subfield>
    <subfield code="p">BVI204</subfield>
    <subfield code="r">2024-07-12 00:00:00</subfield>
    <subfield code="w">2024-07-11</subfield>
    <subfield code="y">BV</subfield>
  </datafield>
</record>
